La bruixa avorrida a internet / Il·lustració: Roser Capdevila, Text de ficció: Mariona Anglés i Mireia Broca, Text tècnic: Miquel Colomer i Narcís Vives Roser Capdevila, Text de ficció:
ISBN:
84-930902-0-4
Descripción Física:
64 p. : majoritariament il. col. ; 23 cm
Materias:
Internet -- llibres per a infants
MARC
| LEADER | 00000nam a2200000Ia 4500 | ||
|---|---|---|---|
| 001 | 16989 | ||
| 008 | 160829s1999 xx 000 0 cat d | ||
| 020 | |a 84-930902-0-4 (Cromosoma) ; 84-8294-327-8 (Edicions p.a.u) | ||
| 080 | |a C-2-375 | ||
| 100 | |a Capdevila, Roser |9 26527 | ||
| 245 | |a La bruixa avorrida a internet / Il·lustració: |b Roser Capdevila, Text de ficció: |b Mariona Anglés i Mireia Broca, Text tècnic: |b Miquel Colomer i Narcís Vives | ||
| 260 | |a Barcelona : |b Cromosoma ; Espais Telemàtics, Edicions p.a.u, |c 1999 | ||
| 300 | |a 64 p. : |b majoritariament il. col. ; |c 23 cm | ||
| 650 | |a Internet |x llibres per a infants |9 26528 | ||
| 700 | |a Anglés, Mariona |9 26529 | ||
| 700 | |a Broca, Mireia |9 26530 | ||
| 700 | |a Colomer, Miquel I |9 26531 | ||
| 700 | |a Vives, Narcís |9 26532 | ||
| 901 | |a Arxiu | ||
| 942 | |n 1 | ||
| 952 | |0 0 |1 0 |4 0 |6 C2375 |7 1 |9 44014 |a Arxiu |b Arxiu |d 2016-12-01 |l 0 |o C-2-375 |p 16989 |r 2016-12-01 00:00:00 |w 2016-12-01 |y ARXIU | ||
| 999 | |c 46594 |d 46594 | ||